<L'>équilibre macroéconomique
Enregistré dans:
| Auteur principal: | |
|---|---|
| Format: | Livre |
| Langue: | français |
| Publié: |
Paris
Economica
1993
|
| Sujets: | |
| Tags: |
Pas de tags, Soyez le premier à ajouter un tag!
|
MARC
| LEADER | 00000nam$a2200000$$$4500 | ||
|---|---|---|---|
| 001 | 0112958 | ||
| 005 | 20221207103846.1 | ||
| 020 | |a 2-7178-2550-9 | ||
| 041 | 0 | |a fre | |
| 044 | |a FR | ||
| 245 | 1 | 0 | |a <L'>équilibre macroéconomique |c Pierre-Yves Henin |
| 264 | 1 | |a Paris |b Economica |c 1993 | |
| 300 | |a 141 s. | ||
| 610 | 2 | 0 | |a rovnováha hospodárska |
| 610 | 2 | 0 | |a makroekonomika |
| 610 | 2 | 0 | |a cykly hospodárske |
| 610 | 2 | 0 | |a Phillipsova krivka |
| 610 | 2 | 0 | |a monopoly |
| 610 | 2 | 0 | |a konkurencia |
| 100 | 1 | |a Henin, Pierre-Yves | |